000
00326nam a22001337a 4500
008
250630b |||||||| |||| 00| 0 eng d
020
_a
0521257980
050
_a
HD6668
_b
.W36
100
_a
DOROTHY Wedderburn
245
_a
The Democratic Ideal
260
_a
United States
_b
Carnbrin
_c
1986
300
_a
vii, 129p.
942
_c
BK
999
_c
4015
_d
4015